Κυπριακή βιβλιογραφία : 1988

Saved in:
Bibliographic Details
Main Author: Παναγιώτου, Νίκος
Format: Book
Language:Greek
Published: Λευκωσία : Βιβλιογραφική Εταιρεία Κύπρου, 1989
Series:Βιβλιογραφική Εταιρεία Κύπρου ; ; 8
Subjects:
Tags: Add Tag
No Tags, Be the first to tag this record!

MARC

LEADER 00000nam a2200000 i 4500
001 1/86867
008 970404s1989 gre d
020 |a 9963-572-06-5 
035 |a 1993  |b 1  |c Δωρεά  |l 10035087 
040 |a GR-MY-UA  |b gre  |e aacr 
041 0 |a gre 
082 0 |a Π 015.5693 
100 1 |a Παναγιώτου, Νίκος. 
245 1 0 |a Κυπριακή βιβλιογραφία :  |b 1988 /  |c Νίκος Παναγιώτου 
260 |a Λευκωσία :   |b Βιβλιογραφική Εταιρεία Κύπρου,   |c 1989 
300 |a 101 σ. 
490 1 |a Βιβλιογραφική Εταιρεία Κύπρου  |v ; 8 
651 0 |a Cyprus  |x Bibliography. 
830 0 |a Βιβλιογραφική Εταιρεία Κύπρου ;  |v ; 8 
852 |a INST  |b RHODES  |e 19970404  |h 015.5693 ΠΑΝ  |p 005400010269  |q 005400010269  |t REF  |y 23 
909 |a Ρ  |b 024599  |c 1993 
970 |z 2000/06/ΟΙΚΟΝΟΜΟΠΟΥΛΟΥ (SUBJECT)